Statistics for Pokemon

Click here to take the quiz!

General Stats

  • This quiz has been taken 7 times
  • The average score is 4 of 7

Answer Stats

Answer% Correct
Pikachu
100%
Porygon
80%
Latios
60%
Fletchinder
40%
Spiritomb
40%
Cryogonal
20%
Snivy
20%

Score Distribution

Percentile by Number Answered

Percent of People with Each Score

Your Score History

You have not taken this quiz